<?xml version="1.0" encoding="UTF-8"?>
<record
    xmlns:xsi="http://www.w3.org/2001/XMLSchema-instance"
    xsi:schemaLocation="http://www.loc.gov/MARC21/slim http://www.loc.gov/standards/marcxml/schema/MARC21slim.xsd"
    xmlns="http://www.loc.gov/MARC21/slim">

  <leader>01595nam a22002657a 4500</leader>
  <controlfield tag="003">DO-SdBJH</controlfield>
  <controlfield tag="005">20260303202911.0</controlfield>
  <controlfield tag="008">260303b2025    |||d|||| |||| 00| 0 spa d</controlfield>
  <datafield tag="040" ind1=" " ind2=" ">
    <subfield code="a">DO-SdBJH</subfield>
    <subfield code="b">spa</subfield>
    <subfield code="c">DO-SdBJH</subfield>
  </datafield>
  <datafield tag="041" ind1="0" ind2=" ">
    <subfield code="a">spa</subfield>
  </datafield>
  <datafield tag="090" ind1=" " ind2=" ">
    <subfield code="a">CT MA-SDN 0009</subfield>
    <subfield code="b">EGAEE 2025</subfield>
  </datafield>
  <datafield tag="100" ind1="1" ind2=" ">
    <subfield code="a">Terrero Marte, Cristian Argel</subfield>
    <subfield code="e">sustentante</subfield>
  </datafield>
  <datafield tag="245" ind1="1" ind2="0">
    <subfield code="a">Infocracia y las fake news en la toma de decisiones de la seguridad y defensa nacional en Rep&#xFA;blica Dominicana :</subfield>
    <subfield code="b">(2018-2024) :</subfield>
    <subfield code="c">Cristian Argel Terrero Marte, Josefina Lissette Capell&#xE1;n Melendez ; asesor de contenido Piero Alvigni ; asesor metodol&#xF3;gico Kelvin Leandro Encarnaci&#xF3;n Gonz&#xE1;lez.</subfield>
  </datafield>
  <datafield tag="260" ind1=" " ind2=" ">
    <subfield code="a">Santo Domingo, Rep&#xFA;blica Dominicana :</subfield>
    <subfield code="b">UNADE, </subfield>
    <subfield code="c">2025.</subfield>
  </datafield>
  <datafield tag="300" ind1=" " ind2=" ">
    <subfield code="a">xv, 114 p&#xE1;ginas :</subfield>
    <subfield code="b">gr&#xE1;ficas.</subfield>
  </datafield>
  <datafield tag="502" ind1=" " ind2=" ">
    <subfield code="a">Tesis y trabajos de grado (Maestr&#xED;a en Seguridad y Defensa Nacional)--Universidad Nacional Para la Defensa "General Juan Pablo Duarte y D&#xED;ez", Escuela de Graduados de Altos Estudios Estrat&#xE9;gicos, Santo Domingo, 2026.</subfield>
  </datafield>
  <datafield tag="504" ind1=" " ind2=" ">
    <subfield code="a">Incluye referencias bibliogr&#xE1;ficas y anexos.</subfield>
  </datafield>
  <datafield tag="505" ind1=" " ind2=" ">
    <subfield code="a">Aspectos generales de la influencia de la infocracia en la seguridad y defensa nacional -- Escenario existente de la desinformaci&#xF3;n medi&#xE1;tica en la Rep&#xFA;blica Dominicana .</subfield>
  </datafield>
  <datafield tag="650" ind1=" " ind2=" ">
    <subfield code="a">Seguridad Nacional</subfield>
    <subfield code="v">Investigaciones</subfield>
    <subfield code="x">Defensa</subfield>
    <subfield code="x">Infocracia</subfield>
    <subfield code="y">2018-2024</subfield>
    <subfield code="z">Rep&#xFA;blica Dominicana</subfield>
  </datafield>
  <datafield tag="650" ind1=" " ind2=" ">
    <subfield code="a">Ciberinteligencia</subfield>
  </datafield>
  <datafield tag="700" ind1="1" ind2=" ">
    <subfield code="a">Capell&#xE1;n Melendez, Josefina Lissette</subfield>
    <subfield code="e">sustentantes</subfield>
  </datafield>
  <datafield tag="700" ind1="1" ind2=" ">
    <subfield code="a">Alvigni, Piero</subfield>
    <subfield code="e">asesor de contenido</subfield>
  </datafield>
  <datafield tag="700" ind1="1" ind2=" ">
    <subfield code="a">Encarnaci&#xF3;n Gonz&#xE1;lez, Kelvin Leandro</subfield>
    <subfield code="e">asesor metodol&#xF3;gico</subfield>
  </datafield>
  <datafield tag="942" ind1=" " ind2=" ">
    <subfield code="2">CL</subfield>
    <subfield code="c">T</subfield>
  </datafield>
  <datafield tag="999" ind1=" " ind2=" ">
    <subfield code="c">8584</subfield>
    <subfield code="d">8584</subfield>
  </datafield>
  <datafield tag="952" ind1=" " ind2=" ">
    <subfield code="0">0</subfield>
    <subfield code="1">0</subfield>
    <subfield code="2">CL</subfield>
    <subfield code="4">0</subfield>
    <subfield code="7">0</subfield>
    <subfield code="8">TG</subfield>
    <subfield code="a">BJHA</subfield>
    <subfield code="b">BJHA</subfield>
    <subfield code="c">GEN</subfield>
    <subfield code="d">2026-03-03</subfield>
    <subfield code="i">25-02523</subfield>
    <subfield code="l">0</subfield>
    <subfield code="o">CT MA-SDN 0009 EGAEE 2025</subfield>
    <subfield code="p">25-02523</subfield>
    <subfield code="r">2026-03-03 20:30:22</subfield>
    <subfield code="t">1</subfield>
    <subfield code="w">2026-03-03</subfield>
    <subfield code="y">T</subfield>
  </datafield>
</record>
